| 000 | 00601nam a2200205Ia 4500 | ||
|---|---|---|---|
| 001 | 12699 | ||
| 003 | GE_BSU | ||
| 008 | 181216s||||||||xx |||||||||||||| ||und|| | ||
| 040 | _cGE_BSU | ||
| 080 | _a634.6(075.32) | ||
| 100 | _aЕкимов,В.П. | ||
| 245 | _aСубтропическое плодоводство | ||
| 245 | _cРед.В.А.Россошанская.Худ.Г.М.Рифтин | ||
| 260 | _aМосква | ||
| 260 | _bСельхозгиз | ||
| 260 | _c1955 | ||
| 300 | _a350стр.илл.26см. | ||
| 653 | _aСубтропическое плодоводство | ||
| 942 | _cBK | ||
| 999 |
_c45870 _d45870 |
||